The C answer book (Record no. 163951)
[ view plain ]
| 000 -LEADER | |
|---|---|
| fixed length control field | 00384nam a2200157Ia 4500 |
| 008 - FIXED-LENGTH DATA ELEMENTS--GENERAL INFORMATION | |
| fixed length control field | 231217s9999 xx 000 0 und d |
| 041 ## - LANGUAGE CODE | |
| Language code of text/sound track or separate title | English |
| 082 ## - DEWEY DECIMAL CLASSIFICATION NUMBER | |
| Classification number | 001.6424C TON;2 |
| 100 ## - MAIN ENTRY--PERSONAL NAME | |
| Personal name | Tondo, Clovis L Gimpel, Scott E |
| 245 #4 - TITLE STATEMENT | |
| Title | The C answer book |
| 250 ## - EDITION STATEMENT | |
| Edition statement | 2nd ed. |
| 260 ## - PUBLICATION, DISTRIBUTION, ETC. | |
| Date of publication, distribution, etc. | 1981 |
| Name of publisher, distributor, etc. | New Delhi : PHI, |
| 300 ## - PHYSICAL DESCRIPTION | |
| Extent | v+208 |
| 650 ## - SUBJECT ADDED ENTRY--TOPICAL TERM | |
| Topical term or geographic name entry element | C answer book |
| 942 ## - ADDED ENTRY ELEMENTS (KOHA) | |
| Koha item type | Books |
| Date last seen | Total checkouts | Full call number | Accession number | Date due | Date last checked out | Cost, total (INR) price | Price effective from | Category | Lost status | Damaged status | Department | Withdrawn status | Home library | Current library | Entry date | Vendor | Cost, normal purchase price | Grants | Billnumber | Billdate | Currency symbol | Conversion rate | Discount | Old discount |
|---|---|---|---|---|---|---|---|---|---|---|---|---|---|---|---|---|---|---|---|---|---|---|---|---|
| 01/04/2024 | 1 | 001.6424C TON;2 | 8090 | 30/08/2006 | 01/04/2024 | 58.65 | 26/01/2024 | Books | Central Library | Central Library | Central Library | 04/01/1996 | Mega Books | 69.00 | CS | 688 | 19/11/1998 | RS | 1 | 10.35 | 15 |
